The Documents of Vatican II : All Sixteen Official Texts Promulgated by the Ecumenical Council, 1963-1965 /
Compilación de los documentos del Concilio Vaticano II, desarrollado del 11 de octubre de 1962 al 8 de diciembre de 1965, durante el último año del papado de Juan XXIII y los dos primeros del período de Paulo VI, y considerado como un episodio clave en la renovación espiritual y en la historia de la...
Shranjeno v:
| Korporativna značnica: | |
|---|---|
| Drugi avtorji: | , , , |
| Format: | Knjiga |
| Jezik: | angleščina |
| Izdano: |
Nueva York, EUA :
Guild : America Press,
1966, c1966
|
| Teme: | |
| Oznake: |
MARC
| LEADER | 00000nam^a2200000^a^4500 | ||
|---|---|---|---|
| 001 | 000182058 | ||
| 005 | 20250521000000.0 | ||
| 009 | 20260310101953.819 | ||
| 037 | |a Acervo ITESO - Biblioteca | ||
| 041 | |a ING | ||
| 082 | |a 282. 11821 |b CON OBR GUI | ||
| 110 | |a Iglesia Católica | ||
| 240 | 1 | 1 | |a [Concilio Vaticano II] |
| 240 | 1 | 1 | |a [Concilio Vaticano II: constituciones, decretos, declaraciones] |
| 245 | 1 | 4 | |a The Documents of Vatican II : |b All Sixteen Official Texts Promulgated by the Ecumenical Council, 1963-1965 / |c Ed. de W.M. Abbott ; pref. y tr. por J. Gallagher ; intr. de L. Shehan, R.H. Mueller |
| 264 | 4 | |a Nueva York, EUA : |b Guild : |b America Press, |c 1966, c1966 | |
| 300 | |a XXI, 792 p. | ||
| 336 | |a texto |b txt |2 rdacontenido | ||
| 337 | |a sin mediación |b n |2 rdamedio | ||
| 338 | |a volumen |b nc |2 rdasoporte | ||
| 520 | |a Compilación de los documentos del Concilio Vaticano II, desarrollado del 11 de octubre de 1962 al 8 de diciembre de 1965, durante el último año del papado de Juan XXIII y los dos primeros del período de Paulo VI, y considerado como un episodio clave en la renovación espiritual y en la historia de la Iglesia Católica del siglo XX. | ||
| 590 | |a Traducción de la 1a edición en latín | ||
| 649 | |a XX | ||
| 650 | |a Documentos Pontificios | ||
| 650 | |a Concilio Vaticano, 1962-1965 - |x Documentos - |x Tema Principal | ||
| 650 | |a Concilios Ecuménicos - |x Historia - |y 1945-1989 | ||
| 650 | |a Concilios Ecuménicos - |x Historia - |y Siglo XX | ||
| 650 | |a Concilios y Sínodos - |x Historia - |y 1945-1989 | ||
| 650 | |a Concilios y Sínodos - |x Historia - |y Siglo XX | ||
| 650 | |a Iglesia y Problemas Sociales - |x Historia - |y 1945-1989 | ||
| 650 | |a Iglesia y Problemas Sociales - |x Historia - |y Siglo XX | ||
| 650 | |a Iglesia Católica - |x Historia - |x Documentos | ||
| 650 | |a Iglesia Católica - |x Historia - |y Papa, 1958-1963 (San Juan XXIII) | ||
| 650 | |a Iglesia Católica - |x Historia - |y Papa, 1963-1978 (San Paulo VI) | ||
| 650 | |a Iglesia Católica - |x Historia - |y Siglo XX | ||
| 650 | |a Iglesia Católica - |x Historia - |y Edad Contemporánea | ||
| 650 | |a Catolicismo - |x Historia - |y 1945-1989 | ||
| 650 | |a Catolicismo - |x Historia - |y Siglo XX | ||
| 650 | |a Cristianismo y Sociedad - |x Historia - |y 1945-1989 | ||
| 650 | |a Cristianismo y Sociedad - |x Historia - |y Siglo XX | ||
| 650 | |a Cristianismo - |x Historia - |y 1945-1989 | ||
| 650 | |a Cristianismo - |x Historia - |y Siglo XX | ||
| 650 | |a Religión - |x Historia - |y 1945-1989 | ||
| 650 | |a Religión - |x Historia - |y Siglo XX | ||
| 650 | |a Historia Moderna - |y 1945-1989 | ||
| 650 | |a Historia Moderna - |y Siglo XX | ||
| 650 | |a Historia Universal | ||
| 700 | |a Abbott, Walter M. |e (edición) | ||
| 700 | |a Gallagher, Joseph |e (prefacio y traducción) | ||
| 700 | |a Shehan, Lawrence |e (introducción) | ||
| 700 | |a Mueller, Reuben H. |e (introducción) | ||
| 910 | |a Fondo General | ||
| 920 | |a Impresos - Libros | ||
| 930 | |a Colección General | ||
| 905 | |a 101 | ||
| 901 | |a 0500121834 |b IT1 |c ACC |u 20250521 | ||
| 902 | |a https://opac.biblio.iteso.mx/vufind/Record/000182058 | ||